dev placentaire - Statistiques

Statistiques générales
  • Ce quiz a été pris 6 fois
    0 depuis la dernière actualisation
  • Le résultat moyen est 0 sur 45
Statistiques - réponses
Hint Réponse % Correct
cordon s'insère sur les membranes % 1%
0%
au sein chambre intervilleuse pression 10mmhg
0%
épaisseur cordon ombilical 1,5 cm
0%
cordon s'insère zone marginal % 2%
0%
au sein cordon ombilical pression V. ombilicales (sortie) 24mmhg
0%
au sein villosités pression capillaires villositaires 30mmhg
0%
cordon s'insère zone paracentral % 39%
0%
épaisseur barrière placentaire T3/terme 3 à 6 µm
0%
au sein cordon ombilical pression A. ombilicales (entrée) 48mmhg
0%
longueur cordon ombilical 50cm
0%
épaisseur barrière placentaire T1 50 µm
0%
cordon s'insère zone central % 58%
0%
amincissement syncitiotrophoblaste : la couche cellulaire est devenue mince avec une épaisseur uniforme de ... 6µm
0%
vaisseaux utéro-placentaire pression artérioles spiralées (entrée) 80mmhg
0%
vaisseaux utéro-placentaire pression veinules (sortie) 8mmhg
0%
éléments qui régressent allantoÏde
0%
éléments qui régressent canal vitellin
0%
compositions cordon deux artères
0%
3e étape invasion trophoblastique formation du disque placentaire
0%
2e étape invasion trophoblastique formation du placenta diffus
0%
compositions cordon gelée de wharton = tissu conjonctif avasculaire
0%
implantation J J13
0%
villosités primaire J à J J13 à J15
0%
villosités secondaire J à J J15 à J18
0%
villosités tertiaire J à J J18 à J20
0%
juxtaposition des circulations choriales et embryonnaires J à J J22 à J23
0%
début formation du placenta J J7
0%
sous la plaque choriale les dépôts de fibrinoïde forme la couche sous chorionique de Langhans
0%
au delà du M organisation définitive M3
0%
amincissement syncitiotrophoblaste du M au M M4 au M6
0%
plus profondément ds la caduque basilaire, dépôts de fibrinoïde constitue la couche de .... qui se situe à la jonction des couches spongieuse et compacte où se fera le décollement placentaire Nitabuch
0%
4e étape invasion trophoblastique organisation définitive
0%
éléments qui régressent partie extra embryonnaire de la circulation vitelline
0%
1ere étape invasion trophoblastique période avilleuse
0%
compositions cordon (compo diff vers ombilic) revêtement amniotique unicellulaire cubique
0%
au niveau plaque basale sous les villosités crampons et la coque CT les dépôts de fibrine constitue la couche de Rohr
0%
régression cytotrophoblaste villositaires et amincissement syncytiotrophoblaste vers S S16
0%
invasion trophoblastique à partir S S2
0%
formation barrière placentaire S S3
0%
formation du cordon ombilical entre S et S S4 et S8
0%
Pédicule vitellin vient englobé le pédicule allantoïdien S S8
0%
formation disque placentaire par régression puis condensation S à M S8 à M3
0%
compositions cordon structures vestigiales
0%
compositions cordon UNE veine
0%
éléments qui régressent vésicule vitelline
0%
Aucun quiz correspondant
Distribution des résultats
% des personnes avec chaque résultat
Percentile par nombre de réponses
Votre historique - résultats
Vous n’avez pas pris ce quiz depuis la dernière actualisation